| 000 | 00906cam a22002897a 4500 | ||
|---|---|---|---|
| 999 |
_c2004 _d232508 |
||
| 001 | 002013 | ||
| 003 | armpunfd | ||
| 005 | 20190425124448.0 | ||
| 008 | 060913e0####xx#a##########000#0#und#d | ||
| 020 | _a987-1314-05-1 | ||
| 040 |
_aarmpunfd _carmpunfd |
||
| 080 | _a343.71 SI 43 | ||
| 100 | 1 | 0 | _a Simaz, Alexis Leonel |
| 245 | 1 | 0 | _aEl delito de hurto simple en el codigo penal argentino (cp162) |
| 260 |
_aMar Del Plata : _bEdiciones Suarez, _c2006 |
||
| 650 | 7 |
_a Delitos Contra La Propiedad _2LEMB |
|
| 650 | 7 |
_a Derecho Penal _2LEMB |
|
| 650 | 7 |
_a Estado De Necesidad _2LEMB |
|
| 650 | 7 |
_a Fallo Iglesias _2LEMB |
|
| 650 | 7 |
_a Hurto _2LEMB |
|
| 650 | 7 |
_a Legitima Defensa _2LEMB |
|
| 650 | 7 |
_a Plenario Ruzzolini _2LEMB |
|
| 942 |
_cLB _2cdu |
||
| 945 |
_aCatalis _d2010-08-19 |
||
| 945 |
_aCatalis _d2010-08-19 |
||
| 945 |
_aCatalis _d2010-08-19 |
||
| 945 |
_aCatalis _d2010-08-19 |
||